000 00886nam a2200265Ia 4500
003 OSt
005 20220926020305.0
006 a|||||r|||| 00| 0
007 ta
008 220923b |||||||| |||| 00| 0 eng d
020 _a9780415632065
_c1753.27
037 _bBBS/98, 25/02/2013, Better Book Service
_cGeneral Book
040 _aRTL
_cRTL
_beng
041 _2eng
_aeng
082 _aWv, Q3
100 _aFREEDEN Michael
_916241
245 0 _aComparative political thought
_b Theorizing practices
260 _aNew York
_bRoutledge
_c2013
300 _aix, 196p Bibliography: P 181-94
_ccm.
490 _aRoutledge Studies in Comparative Political Thought
650 _aGeography
700 _a VINCENT Andrew
_920603
942 _hWv, Q3
_cGB
_2CC
999 _c633874
_d633874